Los amantes de Teruel
Gardado en:
| Autor Principal: | |
|---|---|
| Formato: | Libro |
| Idioma: | Lingua castelá |
| Publicado: |
Madrid
Espasa-Calpe
1947
|
| Series: | Clásicos castellanos, 119
|
| Subjects: | |
| Tags: |
Engadir etiqueta
Sen Etiquetas, Sexa o primeiro en etiquetar este rexistro!
|
MARC
| LEADER | 00000nam a2200000 a 4500 | ||
|---|---|---|---|
| 001 | UCX4996 | ||
| 003 | CL-VaPUC | ||
| 008 | 920820e19470000SP |||||||||||||||||spa|d | ||
| 082 | 0 | 4 | |a 862 |b HAR |2 21 |
| 100 | |a Hartzenbusch, Juan Eugenio |e author |9 419586 | ||
| 245 | 1 | 4 | |a Los amantes de Teruel |
| 246 | 1 | 3 | |a La jura en Santa Gadea |
| 300 | |a 209 p | ||
| 942 | |c BK | ||
| 945 | |d 19920820 00:00:00 | ||
| 260 | |a Madrid |b Espasa-Calpe |c 1947 | ||
| 650 | 0 | |a Dramas españoles |9 267081 | |
| 583 | |a last modification |c 19920820 00:00:00 |k Rodrigo Vera | ||
| 490 | 0 | |a Clásicos castellanos, 119 | |
| 999 | |c 225356 |d 225354 | ||
| 952 | |0 0 |1 0 |4 0 |6 862_000000000000000_HAR_1947 |7 0 |8 A |9 222820 |a FDOPOS |b FDOPOS |d 2019-11-15 |i 2915782 |o 862 HAR 1947 |p 2915782 |r 2025-01-22 |w 2019-11-15 |y BK |k MLH | ||